[Event "18. Obert Int. Sant Marti 2016"]
[Site "Barcelona ESP"]
[Date "2016.07.15"]
[Round "3.55"]
[White "Vives Bellber, Tomas"]
[Black "Garcia Marin, Guillem"]
[Result "1/2-1/2"]
[WhiteElo "1898"]
[BlackElo "2116"]
[PlyCount "59"]
[EventDate "2016.07.13"]
[EventType "swiss"]
[EventRounds "9"]
[EventCountry "ESP"]
[SourceTitle "Ajedrez en Madrid"]
[Source "lmi"]
[SourceDate "2016.07.13"]
[SourceVersion "1"]
[SourceVersionDate "2019.06.21"]
[SourceQuality "1"]

1. d4 Nf6 2. c4 g6 3. Nc3 d5 4. cxd5 Nxd5 5. e4 Nxc3 6. bxc3 Bg7 7. Bc4 c5 8.
Ne2 Nc6 9. Be3 O-O 10. O-O e6 11. Qd2 cxd4 12. cxd4 Na5 13. Bd3 b6 14. Bh6 Bb7
15. Bxg7 Kxg7 16. Rac1 Qd7 17. Qf4 Rac8 18. h4 f6 19. Rxc8 Rxc8 20. h5 Qe7 21.
Qg3 Qf7 22. f4 f5 23. d5 fxe4 24. dxe6 Qc7 25. Bb1 Qc5+ 26. Rf2 Rf8 27. hxg6
hxg6 28. Qc3+ Qxc3 29. Nxc3 Re8 30. Bxe4 1/2-1/2

[Event "18. Obert Int. Sant Marti 2016"]
[Site "Barcelona ESP"]
[Date "2016.07.15"]
[Round "3.56"]
[White "Fernandez Aguilar, Francisco"]
[Black "Rakshitta, Ravi"]
[Result "0-1"]
[WhiteElo "2114"]
[BlackElo "1716"]
[PlyCount "54"]
[EventDate "2016.07.13"]
[EventType "swiss"]
[EventRounds "9"]
[EventCountry "ESP"]
[SourceTitle "Ajedrez en Madrid"]
[Source "lmi"]
[SourceDate "2016.07.13"]
[SourceVersion "1"]
[SourceVersionDate "2019.06.21"]
[SourceQuality "1"]

1. d4 Nf6 2. Nf3 g6 3. Bf4 Bg7 4. e3 d6 5. h3 Nc6 6. Be2 Nd7 7. O-O e5 8. Bh2
O-O 9. c4 Qe7 10. Nc3 Nf6 11. c5 Rd8 12. cxd6 cxd6 13. Rc1 Bd7 14. d5 Nb4 15.
a3 Na6 16. b4 Rdc8 17. Nd2 Rc7 18. Qb3 Rac8 19. Nc4 Qf8 20. f4 b5 21. Nxd6 Qxd6
22. fxe5 Qb6 23. Rf3 Ne4 24. e6 Rxc3 25. Rxc3 Rxc3 26. Qb1 Nd2 27. exf7+ Kf8
0-1

[Event "18. Obert Int. Sant Marti 2016"]
[Site "Barcelona ESP"]
[Date "2016.07.15"]
[Round "3.57"]
[White "Hapala, Elisabeth"]
[Black "Nepveu, Manuel"]
[Result "1/2-1/2"]
[WhiteElo "2222"]
[BlackElo "1910"]
[PlyCount "78"]
[EventDate "2016.07.13"]
[EventType "swiss"]
[EventRounds "9"]
[EventCountry "ESP"]
[SourceTitle "Ajedrez en Madrid"]
[Source "lmi"]
[SourceDate "2016.07.13"]
[SourceVersion "1"]
[SourceVersionDate "2019.06.21"]
[SourceQuality "1"]

1. e4 e6 2. d4 d5 3. Nd2 c5 4. exd5 exd5 5. Ngf3 Nc6 6. Bb5 Bd6 7. dxc5 Bxc5 8.
Nb3 Bb6 9. O-O Nge7 10. Bg5 f6 11. Bf4 O-O 12. c3 Bg4 13. h3 Bh5 14. Be2 Re8
15. a4 a6 16. Re1 Bf7 17. Qd2 Ng6 18. Bg3 Nge5 19. Rad1 Nc4 20. Qc1 Qc8 21.
Nfd4 N4e5 22. Bf1 Qd7 23. f3 Nxd4 24. Nxd4 Qxa4 25. Bf2 Qd7 26. f4 Nc6 27. Qd2
Bc7 28. Bd3 Nxd4 29. Bxd4 Qd6 30. g3 Bh5 31. Rb1 Rad8 32. Qc2 h6 33. Qf2 Bf7
34. Kg2 g6 35. b4 Rxe1 36. Rxe1 Re8 37. Rxe8+ Bxe8 38. Qe2 Bf7 39. Qg4 Kh7
1/2-1/2

[Event "18. Obert Int. Sant Marti 2016"]
[Site "Barcelona ESP"]
[Date "2016.07.15"]
[Round "3.58"]
[White "Rendboe, John"]
[Black "Bernat, Ernest"]
[Result "1-0"]
[WhiteElo "2183"]
[BlackElo "1942"]
[PlyCount "73"]
[EventDate "2016.07.13"]
[EventType "swiss"]
[EventRounds "9"]
[EventCountry "ESP"]
[SourceTitle "Ajedrez en Madrid"]
[Source "lmi"]
[SourceDate "2016.07.13"]
[SourceVersion "1"]
[SourceVersionDate "2019.06.21"]
[SourceQuality "1"]

1. d4 d5 2. Nf3 Nf6 3. c4 e6 4. Nc3 a6 5. cxd5 exd5 6. Bg5 Be7 7. e3 O-O 8. Bd3
Nbd7 9. Qc2 c5 10. O-O h6 11. Bh4 b5 12. Bxf6 Nxf6 13. dxc5 Bxc5 14. Nxb5 Bxe3
15. fxe3 axb5 16. Bxb5 Qb6 17. Qd3 Ng4 18. Rfe1 Bb7 19. a4 Nf6 20. b4 Ba6 21.
Bxa6 Rxa6 22. a5 Qa7 23. Nd4 Ng4 24. h3 Ne5 25. Qc3 Nc4 26. b5 Rxa5 27. Nc6 Ra3
28. b6 Rxc3 29. bxa7 Nb6 30. Ne7+ Kh7 31. Reb1 Na8 32. Rb8 Rh8 33. Nxd5 Rd3 34.
Ra5 Rd1+ 35. Kf2 Rc1 36. Rxh8+ Kxh8 37. Rb5 1-0

[Event "18. Obert Int. Sant Marti 2016"]
[Site "Barcelona ESP"]
[Date "2016.07.15"]
[Round "3.59"]
[White "Tahay, Romain"]
[Black "Jayakumaar, S."]
[Result "0-1"]
[WhiteElo "1942"]
[BlackElo "2151"]
[PlyCount "108"]
[EventDate "2016.07.13"]
[EventType "swiss"]
[EventRounds "9"]
[EventCountry "ESP"]
[SourceTitle "Ajedrez en Madrid"]
[Source "lmi"]
[SourceDate "2016.07.13"]
[SourceVersion "1"]
[SourceVersionDate "2019.06.21"]
[SourceQuality "1"]

1. e4 e5 2. Nf3 Nc6 3. Bb5 a6 4. Ba4 Nf6 5. O-O Be7 6. Re1 b5 7. Bb3 d6 8. c3
O-O 9. h3 Nb8 10. d4 Nbd7 11. a4 Bb7 12. Nbd2 c5 13. d5 c4 14. Bc2 Re8 15. Nf1
Bf8 16. Ng3 g6 17. Nh2 h5 18. Bg5 Be7 19. Be3 Nc5 20. Nf3 Nfd7 21. Qd2 Qc7 22.
Bg5 Nf6 23. Qe3 Reb8 24. Nd2 Qd8 25. f4 exf4 26. Bxf4 Qd7 27. Ne2 Re8 28. Qf3
Nh7 29. Nd4 Bf6 30. Qg3 h4 31. Qh2 Rad8 32. axb5 axb5 33. Ra7 Bxd4+ 34. cxd4
Nd3 35. Bxd3 cxd3 36. Bxd6 Qxd6 37. Qxd6 Rxd6 38. Rxb7 Rxd5 39. Kf2 Rxd4 40.
Rxb5 Nf6 41. Ke3 Rd7 42. Kf4 Nh5+ 43. Kg5 Kg7 44. Kxh4 f5 45. e5 Kh6 46. Rb6
Rb8 47. Rc6 Rxb2 48. g4 Rd4 49. Nf3 Rf4 50. Ng5 fxg4 51. hxg4 Rg2 52. Nf7+ Kg7
53. e6 Rfxg4+ 54. Kh3 R2g3+ 0-1

[Event "18. Obert Int. Sant Marti 2016"]
[Site "Barcelona ESP"]
[Date "2016.07.15"]
[Round "3.60"]
[White "Snehal, Bhosale"]
[Black "Nadal Fajardo, Ricard"]
[Result "0-1"]
[WhiteElo "2150"]
[BlackElo "1900"]
[PlyCount "90"]
[EventDate "2016.07.13"]
[EventType "swiss"]
[EventRounds "9"]
[EventCountry "ESP"]
[SourceTitle "Ajedrez en Madrid"]
[Source "lmi"]
[SourceDate "2016.07.13"]
[SourceVersion "1"]
[SourceVersionDate "2019.06.21"]
[SourceQuality "1"]

1. Nf3 Nf6 2. g3 b6 3. Bg2 Bb7 4. O-O c5 5. d3 e6 6. e4 Be7 7. Re1 d6 8. Nbd2
Nbd7 9. c3 O-O 10. Qc2 Qc7 11. Nf1 Rfd8 12. b3 Rac8 13. Bb2 b5 14. Rad1 a6 15.
Qb1 d5 16. h3 Bd6 17. N1h2 c4 18. Ng4 Nxg4 19. hxg4 cxd3 20. exd5 Bxd5 21. Qxd3
Ne5 22. Nxe5 Bxe5 23. Bxd5 Rxd5 24. Qe3 Rxd1 25. Rxd1 b4 26. a4 bxc3 27. Ba3 c2
28. Rc1 h6 29. b4 Bf6 30. b5 axb5 31. axb5 Bg5 32. f4 Bf6 33. b6 Qd7 34. Kh2
Rc3 35. Qe2 Rxa3 36. Qxc2 Qd5 37. Qc8+ Kh7 38. b7 Qd2+ 39. Kh3 Ra2 40. Rc2 Rxc2
41. Qxc2+ Qxc2 42. b8=Q Qe4 43. Kh2 Qe2+ 44. Kh3 Qf1+ 45. Kh2 Bd4 0-1

[Event "18. Obert Int. Sant Marti 2016"]
[Site "Barcelona ESP"]
[Date "2016.07.15"]
[Round "3.61"]
[White "Castillo Dalmau, Albert"]
[Black "Saiz Rodrigo, Fernando"]
[Result "1-0"]
[WhiteElo "1998"]
[BlackElo "1873"]
[PlyCount "65"]
[EventDate "2016.07.13"]
[EventType "swiss"]
[EventRounds "9"]
[EventCountry "ESP"]
[SourceTitle "Ajedrez en Madrid"]
[Source "lmi"]
[SourceDate "2016.07.13"]
[SourceVersion "1"]
[SourceVersionDate "2019.06.21"]
[SourceQuality "1"]

1. c4 e5 2. g3 Nc6 3. Nc3 f5 4. Nf3 Nf6 5. d4 e4 6. Nh4 d6 7. Bh3 g6 8. Bg5 Be7
9. Qd2 O-O 10. Ng2 Bd7 11. Nf4 Re8 12. Bg2 Qc8 13. h4 Ng4 14. Bxe7 Nxe7 15. Bh3
Nf6 16. h5 Kf7 17. hxg6+ hxg6 18. Bg2 Rh8 19. O-O-O Qg8 20. Nh3 Rf8 21. f3 exf3
22. Ng5+ Ke8 23. Rxh8 Qxh8 24. exf3 Kd8 25. Re1 Qg7 26. f4 c6 27. d5 c5 28. Nb5
Nc8 29. Qa5+ b6 30. Qa6 Re8 31. Rxe8+ Nxe8 32. Nxa7 Qd4 33. Nc6+ 1-0

[Event "18. Obert Int. Sant Marti 2016"]
[Site "Barcelona ESP"]
[Date "2016.07.15"]
[Round "3.63"]
[White "Sapale, Saloni"]
[Black "Suasnabar, Jesus"]
[Result "1/2-1/2"]
[WhiteElo "1929"]
[BlackElo "1982"]
[PlyCount "69"]
[EventDate "2016.07.13"]
[EventType "swiss"]
[EventRounds "9"]
[EventCountry "ESP"]
[SourceTitle "Ajedrez en Madrid"]
[Source "lmi"]
[SourceDate "2016.07.13"]
[SourceVersion "1"]
[SourceVersionDate "2019.06.21"]
[SourceQuality "1"]

1. e4 c5 2. Nf3 Nc6 3. d4 cxd4 4. Nxd4 Qb6 5. Nb3 e6 6. Be3 Qc7 7. a3 Nf6 8.
Nc3 a6 9. f4 d6 10. Bd3 Be7 11. O-O O-O 12. Qf3 b5 13. Rae1 Bb7 14. Qh3 b4 15.
axb4 Nxb4 16. Nd4 Nxd3 17. cxd3 Rfe8 18. Rf2 Bf8 19. g4 Nd7 20. Nf3 d5 21. e5
Nc5 22. Rd1 g6 23. Rc2 Nd7 24. g5 Qa5 25. d4 Rac8 26. Qf1 Nb6 27. Ra1 Qb4 28.
h4 Qc4 29. Nh2 Qxf1+ 30. Kxf1 Rc4 31. Ng4 Bg7 32. Rh2 Rb4 33. Rd1 Rc8 34. Bc1
Rcc4 35. Rhd2 1/2-1/2

[Event "18. Obert Int. Sant Marti 2016"]
[Site "Barcelona ESP"]
[Date "2016.07.15"]
[Round "3.64"]
[White "Pistol, Mats-Erik"]
[Black "Ferre Campos, Josep"]
[Result "0-1"]
[WhiteElo "1810"]
[BlackElo "1970"]
[PlyCount "92"]
[EventDate "2016.07.13"]
[EventType "swiss"]
[EventRounds "9"]
[EventCountry "ESP"]
[SourceTitle "Ajedrez en Madrid"]
[Source "lmi"]
[SourceDate "2016.07.13"]
[SourceVersion "1"]
[SourceVersionDate "2019.06.21"]
[SourceQuality "1"]

1. e4 g6 2. d4 Bg7 3. f4 d6 4. Nf3 Bg4 5. Be2 c5 6. c3 Qb6 7. d5 Nd7 8. O-O Nh6
9. h3 Bxf3 10. Bxf3 f5 11. Nd2 O-O 12. Kh2 Rae8 13. Qc2 Qa6 14. b3 fxe4 15.
Bxe4 Nf5 16. Rf3 Nh4 17. Rf2 b5 18. Nf3 Nxf3+ 19. Bxf3 c4 20. b4 Qb6 21. Re2
Qb7 22. Bg4 Nb6 23. Be6+ Kh8 24. Qd2 Na4 25. Bb2 Nxb2 26. Qxb2 Rxf4 27. Rf2
Rxf2 28. Qxf2 Rf8 29. Qe3 Qb8 30. a4 a6 31. axb5 axb5 32. Ra7 Rf1 33. g3 Qf8
34. Kg2 Rd1 35. Qf2 Qxf2+ 36. Kxf2 Bxc3 37. Kf3 Bxb4 38. Kg4 Rd4+ 39. Kf3 c3
40. g4 g5 41. Rxe7 c2 42. Re8+ Kg7 43. Re7+ Kf6 44. Rf7+ Kg6 45. Rc7 Rf4+ 46.
Kg3 Bc5 0-1

[Event "18. Obert Int. Sant Marti 2016"]
[Site "Barcelona ESP"]
[Date "2016.07.15"]
[Round "3.65"]
[White "Vargas Drechsler, Carlos"]
[Black "Tateo, Ida"]
[Result "1-0"]
[WhiteElo "1943"]
[BlackElo "1275"]
[PlyCount "77"]
[EventDate "2016.07.13"]
[EventType "swiss"]
[EventRounds "9"]
[EventCountry "ESP"]
[SourceTitle "Ajedrez en Madrid"]
[Source "lmi"]
[SourceDate "2016.07.13"]
[SourceVersion "1"]
[SourceVersionDate "2019.06.21"]
[SourceQuality "1"]

1. d4 Nf6 2. Nf3 g6 3. g3 Bg7 4. Bg2 O-O 5. O-O d5 6. c4 c6 7. Nc3 dxc4 8. Ne5
Qc7 9. Nxc4 Rd8 10. Bf4 Qd7 11. Ne5 Qxd4 12. Qb3 Rf8 13. Rad1 Qb6 14. Qa3 e6
15. Na4 Qa6 16. Qe7 Nd5 17. Bxd5 exd5 18. Nc3 Qb6 19. Rd2 Qd8 20. Qxd8 Rxd8 21.
Rfd1 Re8 22. Nc4 Bh3 23. Nd6 Re7 24. f3 Na6 25. Kf2 Nc5 26. g4 Ne6 27. e3 Nxf4
28. exf4 g5 29. Nf5 Re6 30. Kg3 Bxg4 31. fxg4 gxf4+ 32. Kxf4 Be5+ 33. Kf3 Rf6
34. Re2 Bc7 35. Rde1 Bd6 36. Re8+ Rxe8 37. Rxe8+ Bf8 38. Kf4 d4 39. Ne4 1-0

[Event "18. Obert Int. Sant Marti 2016"]
[Site "Barcelona ESP"]
[Date "2016.07.16"]
[Round "4.1"]
[White "Peralta, Fernando"]
[Black "Henriquez Villagra, Cristobal"]
[Result "1/2-1/2"]
[WhiteElo "2588"]
[BlackElo "2491"]
[PlyCount "57"]
[EventDate "2016.07.13"]
[EventType "swiss"]
[EventRounds "9"]
[EventCountry "ESP"]
[SourceTitle "Ajedrez en Madrid"]
[Source "lmi"]
[SourceDate "2016.07.13"]
[SourceVersion "1"]
[SourceVersionDate "2019.06.21"]
[SourceQuality "1"]

1. d4 d5 2. c4 c6 3. Nf3 Nf6 4. Nc3 e6 5. e3 Nbd7 6. Bd3 dxc4 7. Bxc4 b5 8. Bd3
b4 9. Ne4 Be7 10. Nxf6+ Nxf6 11. O-O O-O 12. a3 bxa3 13. bxa3 c5 14. dxc5 Qd5
15. Bb2 Bb7 16. Qe2 Bxc5 17. Rfd1 Qh5 18. Rac1 Bb6 19. Ba6 Bd5 20. Bc4 Rac8 21.
Bxd5 Nxd5 22. h3 Qg6 23. Nd4 Qe4 24. Qg4 Qxg4 25. hxg4 h6 26. a4 Kh7 27. Kf1
Rxc1 28. Rxc1 Rb8 29. Nc6 1/2-1/2

[Event "18. Obert Int. Sant Marti 2016"]
[Site "Barcelona ESP"]
[Date "2016.07.16"]
[Round "4.2"]
[White "Karthikeyan, Murali"]
[Black "Gomez Garrido, Camilo Ernesto"]
[Result "0-1"]
[WhiteElo "2513"]
[BlackElo "2541"]
[PlyCount "94"]
[EventDate "2016.07.13"]
[EventType "swiss"]
[EventRounds "9"]
[EventCountry "ESP"]
[SourceTitle "Ajedrez en Madrid"]
[Source "lmi"]
[SourceDate "2016.07.13"]
[SourceVersion "1"]
[SourceVersionDate "2019.06.21"]
[SourceQuality "1"]

1. e4 c5 2. Nf3 d6 3. d4 cxd4 4. Nxd4 Nf6 5. Nc3 a6 6. h3 e6 7. g4 h6 8. Bg2
Nc6 9. Be3 Be7 10. Qe2 Nxd4 11. Bxd4 e5 12. Be3 b5 13. O-O-O b4 14. Nd5 Nxd5
15. exd5 O-O 16. Be4 Bh4 17. Rdg1 a5 18. g5 g6 19. gxh6 Kh7 20. f4 f5 21. Bd3
Qf6 22. Bf2 exf4 23. Bxh4 Qxh4 24. Re1 Ra7 25. Rhf1 Rff7 26. Qd2 Rae7 27. Rxe7
Rxe7 28. Qxf4 Qxf4+ 29. Rxf4 Kxh6 30. Kd2 Re5 31. c4 bxc3+ 32. Kxc3 Rxd5 33. b4
g5 34. Bc4 Rd1 35. Kc2 gxf4 36. Kxd1 axb4 37. Kc2 f3 38. Kd3 Kg5 39. Ke3 f4+
40. Kxf3 Bxh3 41. Ke4 Bg2+ 42. Kd4 d5 43. Bb5 Be4 44. Bc6 f3 45. Kc5 Kf4 46.
Kxb4 f2 47. Bb5 Ke3 0-1

[Event "18. Obert Int. Sant Marti 2016"]
[Site "Barcelona ESP"]
[Date "2016.07.16"]
[Round "4.3"]
[White "Shyam, Sundar M."]
[Black "Li, Di"]
[Result "1/2-1/2"]
[WhiteElo "2526"]
[BlackElo "2426"]
[PlyCount "139"]
[EventDate "2016.07.13"]
[EventType "swiss"]
[EventRounds "9"]
[EventCountry "ESP"]
[SourceTitle "Ajedrez en Madrid"]
[Source "lmi"]
[SourceDate "2016.07.13"]
[SourceVersion "1"]
[SourceVersionDate "2019.06.21"]
[SourceQuality "1"]

1. e4 e5 2. Nf3 Nf6 3. Nc3 Bb4 4. Nxe5 O-O 5. Nd3 Bxc3 6. dxc3 Nxe4 7. Be2 d6
8. O-O Nd7 9. Re1 Re8 10. a4 a5 11. Bf3 Ndf6 12. c4 Qd7 13. h3 h6 14. b3 Qf5
15. g4 Qh7 16. Nf4 h5 17. Bxe4 Nxe4 18. f3 hxg4 19. fxe4 Rxe4 20. Bb2 gxh3 21.
Qd2 Bd7 22. Rxe4 Qxe4 23. Re1 Qf3 24. Kh2 Re8 25. Rxe8+ Bxe8 26. Nxh3 Bc6 27.
Qf2 Qd1 28. Bc3 b6 29. Kg3 Be4 30. Ng5 Bg6 31. Qe3 Kf8 32. Qf2 Qxc2 33. Ne6+
Ke7 34. Qxc2 Bxc2 35. Nxc7 Kd7 36. Nd5 Bxb3 37. Nxb6+ Kc6 38. Bxa5 Kb7 39. Nd5
Bxa4 40. Bb4 Bb3 41. Ne3 Kc6 42. Ba3 Ba2 43. Kf4 g6 44. Kg5 Bb3 45. Kf6 d5 46.
c5 d4 47. Ng4 Kb5 48. Ne5 Bd5 49. Ke7 Be4 50. Nxf7 Ka4 51. Bc1 Kb3 52. Ne5 Kc3
53. Kf6 d3 54. Nxg6 Kd4 55. Nf4 Kxc5 56. Ke5 Bh7 57. Bd2 Kc4 58. Ng2 Kc5 59.
Ne3 Bg6 60. Bc1 Bh7 61. Ba3+ Kb5 62. Kd4 Ka4 63. Bc1 Kb3 64. Bd2 Bg6 65. Nd5
Kc2 66. Ke3 Bh7 67. Nb4+ Kb3 68. Kd4 Bg6 69. Nxd3 Bxd3 70. Kxd3 1/2-1/2

[Event "18. Obert Int. Sant Marti 2016"]
[Site "Barcelona ESP"]
[Date "2016.07.16"]
[Round "4.4"]
[White "Anurag, Mhamal"]
[Black "Bachmann, Axel"]
[Result "1/2-1/2"]
[WhiteElo "2392"]
[BlackElo "2649"]
[PlyCount "119"]
[EventDate "2016.07.13"]
[EventType "swiss"]
[EventRounds "9"]
[EventCountry "ESP"]
[SourceTitle "Ajedrez en Madrid"]
[Source "lmi"]
[SourceDate "2016.07.13"]
[SourceVersion "1"]
[SourceVersionDate "2019.06.21"]
[SourceQuality "1"]

1. Nf3 d5 2. g3 Bg4 3. Bg2 Nd7 4. c4 dxc4 5. Na3 c6 6. Nxc4 Ngf6 7. O-O e6 8.
Nfe5 Bh5 9. d4 Nxe5 10. Nxe5 Qb6 11. Qc2 Rd8 12. e3 Nd5 13. Bd2 Be2 14. Rfe1
Ba6 15. a3 Nf6 16. b4 Bd6 17. Nf3 Qb5 18. e4 Be7 19. d5 cxd5 20. Bf1 Qd7 21.
Ne5 Qd6 22. Qa4+ b5 23. Bxb5+ Bxb5 24. Qxb5+ Kf8 25. Nc6 Nxe4 26. Nxd8 Nxd2 27.
Nb7 Qb6 28. Qd7 g5 29. Rac1 Nf3+ 30. Kf1 Qa6+ 31. b5 Qxa3 32. Red1 Ne5 33. Qc7
Nc4 34. Kg2 h5 35. Nd8 h4 36. Nc6 h3+ 37. Kf1 Bf6 38. Rxc4 dxc4 39. Ne5 Be7 40.
Qxc4 Kg7 41. Nc6 Bf6 42. Qe4 Rc8 43. Rd7 Qc1+ 44. Qe1 Qc4+ 45. Qe2 Rxc6 46.
bxc6 Qxc6 47. Qd3 a5 48. Ra7 a4 49. Qd7 Qc4+ 50. Ke1 Qe4+ 51. Kd2 Qb4+ 52. Ke2
Qc4+ 53. Ke1 Qc1+ 54. Ke2 Qc2+ 55. Ke3 Qc5+ 56. Ke2 Qe5+ 57. Kf1 Qa1+ 58. Ke2
Qe5+ 59. Kf1 Qa1+ 60. Ke2 1/2-1/2

[Event "18. Obert Int. Sant Marti 2016"]
[Site "Barcelona ESP"]
[Date "2016.07.16"]
[Round "4.5"]
[White "Cuartas, Jaime Alexander"]
[Black "Narciso Dublan, Marc"]
[Result "1-0"]
[WhiteElo "2455"]
[BlackElo "2504"]
[PlyCount "73"]
[EventDate "2016.07.13"]
[EventType "swiss"]
[EventRounds "9"]
[EventCountry "ESP"]
[SourceTitle "Ajedrez en Madrid"]
[Source "lmi"]
[SourceDate "2016.07.13"]
[SourceVersion "1"]
[SourceVersionDate "2019.06.21"]
[SourceQuality "1"]

1. e4 d6 2. d4 Nf6 3. Nc3 g6 4. Nf3 Bg7 5. Bc4 O-O 6. O-O Nc6 7. d5 Nb8 8. h3
c6 9. a4 b6 10. Re1 Bb7 11. Bf4 Nbd7 12. Qd2 Rc8 13. Ba2 cxd5 14. exd5 Re8 15.
Bh6 Rc5 16. Bxg7 Kxg7 17. b4 Rc8 18. Nb5 a6 19. Nbd4 Nxd5 20. Bxd5 Bxd5 21.
Nf5+ gxf5 22. Qxd5 e6 23. Qxd6 Nf6 24. Qg3+ Kh8 25. Rad1 Qc7 26. Ne5 Qe7 27. c4
Rc7 28. Qc3 Kg8 29. Qe3 Rb7 30. Qg5+ Kf8 31. Qh6+ Kg8 32. Nc6 Qc7 33. b5 axb5
34. axb5 Ne4 35. Rd3 Ra8 36. Red1 Rbb8 37. Rd7 1-0

[Event "18. Obert Int. Sant Marti 2016"]
[Site "Barcelona ESP"]
[Date "2016.07.16"]
[Round "4.6"]
[White "Oliva Castaneda, Kevel"]
[Black "Rathanvel, V S."]
[Result "1-0"]
[WhiteElo "2493"]
[BlackElo "2374"]
[PlyCount "115"]
[EventDate "2016.07.13"]
[EventType "swiss"]
[EventRounds "9"]
[EventCountry "ESP"]
[SourceTitle "Ajedrez en Madrid"]
[Source "lmi"]
[SourceDate "2016.07.13"]
[SourceVersion "1"]
[SourceVersionDate "2019.06.21"]
[SourceQuality "1"]

1. Nf3 Nf6 2. c4 g6 3. Nc3 d5 4. cxd5 Nxd5 5. Qb3 Nb6 6. d4 Bg7 7. e4 O-O 8.
Be3 Bg4 9. Rd1 a5 10. Be2 a4 11. Qc2 Nc6 12. d5 Nb4 13. Qd2 Qd7 14. a3 Na6 15.
Qc2 c5 16. O-O f5 17. Ng5 f4 18. Bd2 h6 19. Bxg4 Qxg4 20. Nf3 Qd7 21. Ne2 g5
22. Bc3 Bxc3 23. Nxc3 Rac8 24. b3 c4 25. bxa4 Nc5 26. a5 Nba4 27. Ne5 Qc7 28.
Ng6 Qxa5 29. Nxa4 Qxa4 30. Qc3 Kh7 31. Nxf8+ Rxf8 32. Qe5 Qd7 33. Qd4 b6 34. f3
Qa7 35. Qxc4 Qxa3 36. Qd4 Nb3 37. Qxb6 Qc5+ 38. Qxc5 Nxc5 39. Rc1 Nd3 40. Rc7
Kg6 41. Rxe7 Kh5 42. d6 Rd8 43. e5 Kh4 44. d7 Nxe5 45. Rxe5 Rxd7 46. Rfe1 Rd2
47. R5e2 Rd3 48. Kf2 h5 49. Re5 Ra3 50. R1e2 Rb3 51. g3+ fxg3+ 52. hxg3+ Kh3
53. Rxg5 h4 54. gxh4 Kxh4 55. Rg1 Rb8 56. Re4+ Kh5 57. Reg4 Rb2+ 58. Kg3 1-0

[Event "18. Obert Int. Sant Marti 2016"]
[Site "Barcelona ESP"]
[Date "2016.07.16"]
[Round "4.7"]
[White "Alvarez Pedraza, Aramis"]
[Black "Lorenzo De La Riva, Lazaro"]
[Result "1-0"]
[WhiteElo "2484"]
[BlackElo "2370"]
[PlyCount "83"]
[EventDate "2016.07.13"]
[EventType "swiss"]
[EventRounds "9"]
[EventCountry "ESP"]
[SourceTitle "Ajedrez en Madrid"]
[Source "lmi"]
[SourceDate "2016.07.13"]
[SourceVersion "1"]
[SourceVersionDate "2019.06.21"]
[SourceQuality "1"]

1. Nf3 g6 2. d4 Bg7 3. c4 Nf6 4. Nc3 O-O 5. e4 d6 6. Be2 e5 7. O-O Nc6 8. d5
Ne7 9. Ne1 Nd7 10. Be3 f5 11. f3 f4 12. Bf2 g5 13. Nd3 Ng6 14. c5 Nf6 15. Rc1
Rf7 16. Nb5 Bf8 17. cxd6 cxd6 18. Nxa7 Bd7 19. Qb3 g4 20. Bb6 Qe8 21. Rc7 g3
22. h3 Bxh3 23. Rxf7 Qxf7 24. gxh3 Qd7 25. Nf2 gxf2+ 26. Kh2 Nh5 27. Qb5 Qg7
28. Bxf2 Ng3 29. Rg1 Kh8 30. Qc4 Be7 31. Bd1 Rg8 32. a4 Bh4 33. Nb5 Qf8 34. Qc7
Nxe4 35. Bxh4 Nxh4 36. Rg4 Rxg4 37. hxg4 Ng5 38. Qxd6 Nhxf3+ 39. Bxf3 Nxf3+ 40.
Kg2 Nh4+ 41. Kh3 Qxd6 42. Nxd6 1-0

[Event "18. Obert Int. Sant Marti 2016"]
[Site "Barcelona ESP"]
[Date "2016.07.16"]
[Round "4.8"]
[White "Ortega Amarelle, Mariano"]
[Black "Herrera Reyes, Jose Antonio"]
[Result "0-1"]
[WhiteElo "2465"]
[BlackElo "2253"]
[PlyCount "148"]
[EventDate "2016.07.13"]
[EventType "swiss"]
[EventRounds "9"]
[EventCountry "ESP"]
[SourceTitle "Ajedrez en Madrid"]
[Source "lmi"]
[SourceDate "2016.07.13"]
[SourceVersion "1"]
[SourceVersionDate "2019.06.21"]
[SourceQuality "1"]

1. d4 Nf6 2. Nf3 g6 3. c4 c5 4. Nc3 Bg7 5. e4 O-O 6. Be2 cxd4 7. Nxd4 Nc6 8.
Be3 b6 9. O-O Bb7 10. f3 Rc8 11. Qd2 Qc7 12. Rac1 Qb8 13. Rfd1 Rfe8 14. Bf1 Nd8
15. b3 Ne6 16. Nde2 h5 17. Nd5 Nh7 18. g3 Qe5 19. Bg2 h4 20. Rf1 hxg3 21. hxg3
Qb8 22. Kf2 Nef8 23. Rh1 e6 24. Ndc3 Rcd8 25. Rhd1 d5 26. cxd5 exd5 27. Nxd5
Bxd5 28. exd5 Nf6 29. Bf4 Qb7 30. Nc3 b5 31. b4 Nh5 32. Be3 Nd7 33. f4 Ndf6 34.
Bh3 Rxd5 35. Qxd5 Nxd5 36. Nxd5 Nf6 37. Rc7 Qa6 38. Rxa7 Ne4+ 39. Kg1 Qc6 40.
Ne7+ Rxe7 41. Rxe7 Bf6 42. Red7 Nc3 43. Bg2 Qe6 44. R1d3 Qxa2 45. Bf3 Qb1+ 46.
Kg2 Qxb4 47. g4 Ne4 48. g5 Ba1 49. Rd8+ Kg7 50. Kh3 Qc4 51. Rd1 Nxg5+ 52. fxg5
Qe6+ 53. Kg2 Qxe3 54. R1d5 Be5 55. R8d7 Qxg5+ 56. Kf1 Qg3 57. Ke2 b4 58. Rb7
Bc3 59. Rdd7 Qe1+ 60. Kd3 Qd2+ 61. Ke4 Qc2+ 62. Kf4 Bd2+ 63. Kg3 Be1+ 64. Kf4
Qc1+ 65. Ke4 Qc2+ 66. Kf4 Bd2+ 67. Kg3 Kh6 68. Rxf7 Be1+ 69. Kf4 Qc4+ 70. Ke3
Bc3 71. Be2 Bd4+ 72. Kf3 Qd5+ 73. Kg3 Qe5+ 74. Kh4 Qh2+ 0-1

[Event "18. Obert Int. Sant Marti 2016"]
[Site "Barcelona ESP"]
[Date "2016.07.16"]
[Round "4.9"]
[White "Vehi Bach, Victor Manuel"]
[Black "Swayams, Mishra"]
[Result "1/2-1/2"]
[WhiteElo "2298"]
[BlackElo "2457"]
[PlyCount "110"]
[EventDate "2016.07.13"]
[EventType "swiss"]
[EventRounds "9"]
[EventCountry "ESP"]
[SourceTitle "Ajedrez en Madrid"]
[Source "lmi"]
[SourceDate "2016.07.13"]
[SourceVersion "1"]
[SourceVersionDate "2019.06.21"]
[SourceQuality "1"]

1. e4 e6 2. d4 d5 3. Nc3 Nf6 4. Bg5 Bb4 5. e5 h6 6. Bd2 Bxc3 7. bxc3 Ne4 8. Qg4
g6 9. Qf4 c5 10. Bd3 Nxd2 11. Qxd2 Nc6 12. Nf3 c4 13. Be2 Bd7 14. h4 f5 15.
exf6 Qxf6 16. Qe3 O-O-O 17. O-O-O Rdf8 18. g3 a6 19. Rh2 Qe7 20. Kb2 Na7 21. a3
Qd6 22. Ne5 Be8 23. Bg4 Qb6+ 24. Kc1 Nb5 25. a4 Na3 26. Kd2 Kb8 27. Rc1 Qb2 28.
Bxe6 Bxa4 29. Bxd5 Nxc2 30. Nxc4 Qxc1+ 31. Kxc1 Nxe3 32. Nxe3 Bc6 33. Bxc6 bxc6
34. f4 Kc7 35. Ra2 Ra8 36. Ra5 Rhb8 37. Ng4 Rb5 38. Ra4 g5 39. fxg5 hxg5 40. h5
Rf5 41. Ne5 Rf2 42. Rc4 Raf8 43. Rxc6+ Kb7 44. Re6 Rh2 45. Re7+ Kc8 46. Nf7
Rxh5 47. d5 Rh1+ 48. Kc2 Rf1 49. Nd6+ Kd8 50. Rg7 R8f2+ 51. Kb3 Rf3 52. Nb7+
Kc8 53. Nd6+ Kd8 54. Nb7+ Kc8 55. Nd6+ Kd8 1/2-1/2